000 00809nam a2200217Ia 4500
008 130821s2007 sp gr spa
020 _a8473564861
040 _aCo-BoUCM
_bspa
041 0 0 _aspa
100 1 _aAlabarta, Eduardo Andreu
_9163947
245 1 0 _aCómo gestionar una PYME mediante el cuadro de mando
_cEduardo Andreu Alabarta y Rafael Martínez-Vilanova Martínez
260 _aMadrid (España)
_bEsic Editorial
_c2007
300 _a256 páginas
650 0 4 _aAdministración de empresas
_9435
650 0 4 _aAdministración financiera
_98594
650 0 4 _aPequeña y mediana empresa
_921281
650 0 4 _aPlanificación estratégica
_921662
700 1 _aMartínez-Vilanova Martínez, Rafael
_9163948
942 _cLIBRO
_a16
_e1
_mA316c
_2DEWEY
_h658.15
999 _c54830
_d54830